CAD/CAM: Theory and concepts (Record no. 176678)

MARC details
000 -LEADER
fixed length control field 00363nam a2200145Ia 4500
008 - FIXED-LENGTH DATA ELEMENTS--GENERAL INFORMATION
fixed length control field 230917s9999||||xx |||||||||||||| ||und||
040 ## - CATALOGING SOURCE
-- 210438
Original cataloging agency VIVEKANANDA LIBRARY
041 ## - Language
-- English
082 ## - DDC NUMBER
Classification number 001.64 S72C
100 ## - MAIN ENTRY--PERSONAL NAME
Personal name Sareen, Kuldeep Kumar
245 #0 - TITLE STATEMENT
Title CAD/CAM: Theory and concepts
260 ## - PUBLICATION, DISTRIBUTION, ETC. (IMPRINT)
Place of publication, distribution, etc New Delhi
Name of publisher, distributor, etc S Chand
Date of publication, distribution, etc 2013
300 ## - PHYSICAL DESCRIPTION
Pages xix, 453p p.
942 ## - ADDED ENTRY ELEMENTS (KOHA)
Koha item type Books
Holdings
Withdrawn status Lost status Damaged status Not for loan Location (home branch) Sublocation or collection (holding branch) Shelving location Date acquired Koha issues (times borrowed) Koha full call number Accession No. Koha date last seen Koha item type
        VIVEKANANDA LIBRARY VIVEKANANDA LIBRARY UIET Library 20/09/2013   001.64 S72C 332960 17/09/2023 Books
        VIVEKANANDA LIBRARY VIVEKANANDA LIBRARY UIET Library 20/09/2013   001.64 S72C 332961 17/09/2023 Books
        VIVEKANANDA LIBRARY VIVEKANANDA LIBRARY UIET Library 20/09/2013 1 001.64 S72C 332962 03/01/2025 Books
        VIVEKANANDA LIBRARY VIVEKANANDA LIBRARY UIET Library 20/09/2013   001.64 S72C 332963 17/09/2023 Books
        VIVEKANANDA LIBRARY VIVEKANANDA LIBRARY UIET Library 20/09/2013   001.64 S72C 332964 17/09/2023 Books
© Designed and Maintained by Vivekananda Library, MDU Rohtak